00824nam 22002411 4500001000800000005001700008008004100025035002100066906004500087010001700132040003600149050001600185082001000201100002400211245004900235260005600284300004400340500007600384504002900460650002500489991004000514099002800554169158219681121000000.0730313s1944 mauag bd 000 0 eng c 9(DLC)a 44005729 a7bcbccorignewduencipf19gy-gencatlg aa 44005729  aHarvard Univ. LibrarycDLCdDLC00aML100b.A6400a780.31 aApel, Willi,d1893-10aHarvard dictionary of music,cby Willi Apel. aCambridge, Mass.,bHarvard university press,c1944. ax, 824 p.billus. (incl. music)c24 cm. aRestricted to musical topics, omitting biographical articles. cf. p. v. aIncludes bibliographies. 0aMusicxDictionaries. bc-MusichML100i.A64tCopy 1wBOOKS aapel-harvard-1071950275